Análisis de estructuras tarifarias de las empresas eléctricas de Costa Rica y una propuesta de modificación de las mismas

Guardat en:
Dades bibliogràfiques
Autor principal: Salas Santana, Jorge Enrique
Format: Llibre
Publicat: San José, C.R. 1996
Matèries:
Etiquetes: Afegir etiqueta
Sense etiquetes, Sigues el primer a etiquetar aquest registre!

MARC

LEADER 00000nam a2200000Ia 4500
003 008183
005 20221231144231.0
008 140114s1996 cr a m 000 ||s d
040 |c cru CEDI 
090 |a TFG 3649 
100 |a Salas Santana, Jorge Enrique  |9 9462 
245 |a Análisis de estructuras tarifarias de las empresas eléctricas de Costa Rica y una propuesta de modificación de las mismas 
260 |c 1996  |a  San José, C.R. 
300 |a  x, [124] hojas : ilustraciones (algunas a color)  
500 |a  Tesis (licenciatura en ingeniería eléctrica)--Universidad de Costa Rica. Facultad de Ingeniería. Escuela de Ingeniería Eléctrica 
650 |x EMPRESAS ELECTRICAS - TARIFAS  |9 659 
942 |c TFG 
999 |c 18828  |d 18828